Globalización, cultura y diversidad: una aproximación Latinoamericana /

Wedi'i Gadw mewn:
Manylion Llyfryddiaeth
Prif Awdur: Grompone Grille, Romeo
Awduron Corfforaethol: Consejo Latinoamericano de Ciencias Sociales, CLACSO ASDI Agencia Sueca de Desarrollo Internacional IEP Instituto de Estudios Peruanos
Awduron Eraill: Prof. Pajuelo Teves, Ramón César Prof. Nova Arismendi, Rafael Fernando Prof
Fformat: Texto
Cyhoeddwyd: Buenos Aires: Campo Virtual
Rhifyn:0
Tagiau: Ychwanegu Tag
Dim Tagiau, Byddwch y cyntaf i dagio'r cofnod hwn!

MARC

LEADER 00000 a a2200000 04500
001 29919
003
040
090 |a 192020  |b RECURSO ELECTRONICO  
100 |a Grompone Grille, Romeo  
110 |a Consejo Latinoamericano de Ciencias Sociales  
245 |a Globalización, cultura y diversidad: una aproximación Latinoamericana /  |c Consejo Latinoamericano de Ciencias Sociales  
250 |a 0  
260 |a Buenos Aires:   |b Campo Virtual  
500 |a Datos de edición: Néstor García Canclini, La globalización imaginada. Paidós, México, 1999, pp. 45-65  
700 |a Prof.   |a Pajuelo Teves, Ramón César   |a Prof.   |a Nova Arismendi, Rafael Fernando   |a Prof.  
710 |a CLACSO   |a ASDI   |a Agencia Sueca de Desarrollo Internacional   |a IEP   |a Instituto de Estudios Peruanos  
999 |c 13639  |d 13639